Sports Quiz

Random Sports Quiz

Connected Athletes of the US Quiz Stats

 Plays Quiz not verified by Sporcle

Challenge
Share
Tweet
Embed
Score 0/23 Timer 05:00
0 Plays Today
% Correct
Tonya Harding
95.9%
Larry Bird
93.2%
Arnold Palmer
91.8%
Muhammad Ali
90.4%
Mark McGwire
89%
Pete Sampras
87.7%
Bjorn Borg
86.3%
Ted Williams
84.9%
Martina Navratilova
82.2%
Joe Theismann
76.7%
Reggie Jackson
69.9%
Bobby Jones
69.9%
% Correct
Dwight Clark
68.5%
Kirk Gibson
68.5%
Sugar Ray Leonard
68.5%
George Brett
65.8%
Gale Sayers
63%
Kermit Washington
60.3%
Frank Gifford
54.8%
Lou Whitaker
53.4%
Ray Fosse
53.4%
Mike Powell
53.4%
Bobby Thomson
52.1%

You're not logged in!

Compare scores with friends on all Sporcle quizzes.
Join for Free
OR
Log In

You Might Also Like...

Show Comments

Extras

Top Quizzes Today


Score Distribution

Your Account Isn't Verified!

In order to create a playlist on Sporcle, you need to verify the email address you used during registration. Go to your Sporcle Settings to finish the process.

Report this User

Report this user for behavior that violates our Community Guidelines.

Details: